000 00546nam a2200205 i 4500
001 98512
003 ES-MaACL
005 20240510213629.0
007 t|
008 050927s1865 xxk ||||1| spa d
080 _a336.1(729.1)
080 _a339.5(729.1)
245 0 0 _aAlgunas reformas en la isla de Cuba.
260 _aLondres :
_b[s.n.],
_c1865.
300 _a46 p. ;
_c23 cm.
650 7 _aHacienda pública-
_zCuba
_2
_9170356
651 4 _aCuba-
_xComercio exterior.
_9170357
852 4 _aES-MaACL
_jT-78-F-1
999 _c98512
_d98512